Sports Quiz

Random Sports or NFL Quiz
Score 0/250 Timer 15:00
0 Plays Today
% Correct
Joe Montana
99.1%
Joe Montana
99.1%
Joe Montana
99.1%
Joe Montana
99.1%
Joe Montana 476yd
99.1%
Joe Montana 6TD
99.1%
Joe Montana
99.1%
Joe Montana
99.1%
Joe Montana
99.1%
Joe Montana
99.1%
Joe Montana
99.1%
Joe Montana
99.1%
Joe Montana
99.1%
Joe Montana 6yd Run
99.1%
Joe Montana 1yd Run
99.1%
Joe Montana
99.1%
Joe Montana
99.1%
Steve Young
98.7%
Steve Young
98.7%
Steve Young
98.7%
Steve Young
98.7%
Steve Young
98.7%
Steve Young
98.7%
Steve Young
98.7%
Steve Young 6TD
98.7%
Steve Young
98.7%
Steve Young
98.7%
Steve Young
98.7%
Steve Young
98.7%
Steve Young
98.7%
Steve Young
98.7%
Steve Young-J.D.Smith
98.2%
Jerry Rice
97.8%
Jerry Rice
97.8%
Jerry Rice
97.8%
Jerry Rice
97.8%
Jerry Rice
97.8%
Jerry Rice
97.8%
Jerry Rice
97.8%
Jerry Rice
97.8%
Jerry Rice
97.8%
Jerry Rice
97.8%
Jerry Rice
97.8%
Jerry Rice
97.8%
Jerry Rice
97.8%
Jerry Rice
97.8%
Jerry Rice 289yd
97.8%
Jerry Rice 5TD
97.8%
Jerry Rice
97.8%
Jerry Rice
97.8%
Jerry Rice
97.8%
Jerry Rice
97.8%
Jerry Rice 7yd Rec from Montana
97.8%
Jerry Rice 15yd Rec from Montana
97.8%
Jerry Rice 44yd Rec from Montana
97.8%
Jerry Rice 28yd Rec from Montana
97.8%
Jerry Rice 38yd Rec from Montana
97.8%
Jerry Rice 14yd Rec from Montana
97.8%
Jerry Rice 14yd Rec from Montana
97.8%
Jerry Rice
97.8%
Jerry Rice
97.8%
Bryant Young
94.7%
Bryant Young
94.7%
Bryant Young
94.7%
Frank Gore
94%
Frank Gore
93%
Frank Gore
93%
Frank Gore
93%
Frank Gore
93%
Frank Gore 212yd
93%
Frank Gore
93%
QB Alex Smith
89%
Aldon Smith
87.4%
Ronnie Lott
86%
Ronnie Lott
86%
Ronnie Lott
86%
Ronnie Lott
86%
Justin Smith
86%
Bill Walsh
85.5%
Bill Walsh
85.5%
Bill Walsh
85.5%
J.D. Smith
85.1%
Terrell Owens
84.6%
Terrell Owens
84.6%
% Correct
Terrell Owens
84.6%
Terrell Owens 20rec
84.6%
Terrell Owens
84.6%
Jeff Garcia
83.3%
Jeff Garcia
83.3%
Jeff Garcia
83.3%
Jeff Garcia
83.3%
Jeff Garcia
83.3%
Jeff Garcia
83.3%
Roger Craig
81.6%
Roger Craig
81.6%
Roger Craig
81.6%
Roger Craig
81.6%
Roger Craig 1yd Run
81.6%
Roger Craig 16yd Rec from Montana
81.6%
Roger Craig 2yd Run
81.6%
Roger Craig 8yd Rec from Montana
81.6%
Roger Craig
81.6%
Cincinnati Bengals W:26-21
78.1%
Cincinnati Bengals W:20-16
78.1%
Jim Harbaugh
75.4%
Baltimore Ravens L:31-34
74.9%
Denver Broncos W:55-10
74.1%
Aldon Smith
73.7%
San Diego Chargers W:49-26
72.8%
Dwight Clark
71.9%
John Taylor 35yd Rec from Montana
71.9%
John Taylor 10yd Rec from Montana
71.9%
John Brodie
71.5%
John Brodie
71.5%
Miam Dolphins W:38-16
71.5%
QB John Brodie
71.5%
John Brodie
71.5%
Garrison Hearst
70.6%
Garrison Hearst
70.6%
Garrison Hearst
70.6%
Bruce Taylor
69.3%
Vernon Davis
68.9%
George Seifert
68.4%
Y.A. Tittle
67.1%
Y.A. Tittle
67.1%
Y.A. Tittle
67.1%
Y.A.Tittle
67.1%
Charles Haley
66.7%
Charles Haley
66.7%
Deion Sanders
66.7%
Deion Sanders
66.7%
Charles Haley
66.7%
Tommy Davis
66.2%
Ricky Watters
65.8%
Ricky Watters 5TD
65.8%
Patrick WIllis
65.8%
Ricky Watters 9yd Run
65.8%
Ricky Watters 8yd Rec from Young
65.8%
Ricky Watters 51yd Rec from Young
65.8%
Patrick Willis
65.8%
Ricky Watters
65.8%
Colin Kaepernick
64.1%
Joe Perry
62.3%
Joe Perry
62.3%
Joe Perry
62.3%
Joe Perry
62.3%
Joe Perry
62.3%
Dallas Cowboys
61.4%
Michael Crabtree
61.1%
New York Giants
61%
Brent Jones 7yd Rec from Montana
60.5%
Brent Jones
60.5%
Green Bay Packers
59.6%
Jim Harbaugh
58.8%
Jimmy Johnson
57.5%
Jimmy Johnson
57.5%
John Henry Johnson
57.5%
Jimmy Johnson
57.5%
Minnesota Vikings
56.1%
Dana Stubblefield
54.4%
Dana Stubblefield
54.4%
Dana Stubblefield
54.4%
Dana Stubblefield
54.4%
Dana Stubblefield
54.4%
Minnesota Vikings (W 17-14)
54.4%
Washington Redskins
53.5%
David Akers
52.6%
Tom Rathman 3yd Run
50.4%
% Correct
Tom Rathman 1yd Run
50.4%
Dick Nolan
49.6%
Dick Nolan
49.6%
Merton Hanks
49.1%
Merton Hanks
49.1%
Phil Dawson
46.1%
1946
45.2%
Steve Mariucci
43%
Fred Dean
43%
Fred Dean 6 sacks
43%
Fred Dean
43%
Ray Wersching
42.1%
Ray Wersching
42.1%
Joe Staley
40.7%
1950
40.4%
Mike Cofer
39.9%
Mike Cofer
39.9%
Andy Lee
39.5%
Detroit Lions (L 31-27)
39.5%
Wendell Tyler
39%
Rickey Jackson
38.6%
Gene Washington
38.2%
Gene Washington
38.2%
Charlie Garner
38.2%
Gene Washington
38.2%
Michael Carter
38.2%
Dwight Hicks
37.3%
Dwight Hicks
37.3%
Dwight Hicks
37.3%
Randy Cross
36.8%
Hugh McElhenny
36.4%
Hugh MCElhenny
36.4%
1957
36.4%
O.J. Simpson
34.6%
Tim McDonald
32.5%
Chris Doleman
32%
Chris Doleman
32%
25
32%
William Floyd 5yd Rec from Young
30.7%
Bob St.Clair
28.9%
29
28.1%
Earl Cooper 11yd Rec from Montana
27.2%
Dave Wilcox
26.8%
Dave Wilcox
26.8%
Leo Nomellini
26.3%
Leo Nomellini
26.3%
Richard Dent
25.9%
Larry Allen
25.7%
Rod Woodson
25%
Guy McIntyre
25%
Abe Woodson
24.6%
Billy Wilson
23.2%
Billy Wilson
23.2%
Billy Wilson
23.2%
Derek Loville
20.6%
QB Steve Spurrier
20.6%
Tim Harris
20.2%
Carl Monroe 33yd Rec from Montana
20.2%
Ken Willard
19.3%
Ken Willard
19.3%
Dwaine Board
19.3%
Tony Parrish
19.3%
RB Ken Willard
19.3%
Ken Willard
19.3%
Ted Kwalick
14.5%
Forrest Blue
14%
WR Dave Parks
13.6%
Dave Parks
13.6%
Bob Hayes
11%
Kermit Alexander
10.1%
Kermit Alexander
10.1%
Gordie Soltau
8.3%
Gordie Soltau
8.3%
Billy Kilmer
6.1%
Howard Mudd
3.1%
QB Earl Morrall
2.6%
Dave Baker
2.2%
Lowell Wagner
2.2%
Dave Baker 4 ints
2.2%
DB Dave Baker
2.2%
Bruce Bosley
2.2%
WR Harry Babcock
1.3%
Remove Ads.
Support Sporcle.
Get the best of Sporcle when you Go Orange. This ad-free experience offers more features, more stats, and more fun while also helping to support Sporcle. Thank you for becoming a member.

You're not logged in!

Compare scores with friends on all Sporcle quizzes.
OR
Log In

Show Comments

Extras

Top Quizzes Today


Score Distribution

Your Account Isn't Verified!

In order to create a playlist on Sporcle, you need to verify the email address you used during registration. Go to your Sporcle Settings to finish the process.

Report this User

Report this user for behavior that violates our Community Guidelines.

Details: